000 00829am a2200325a 44500
003 AR-BaBNM
005 20251128210654.0
008 130120s2000 #AR|||||||||||000 | spa||
020 _a84-249-2468-1
040 _cAR-BaBNM
100 0 _aEurípides
245 1 0 _aTragedias
_bFenicias ; Orestes ; Ifigenia en Aulide ; Bacantes
_n3 ;
260 _aMadrid
_bGredos
_c2000
300 _a334 p.
490 0 _aBiblioteca básica Gredos
_vv. 8
650 4 _aLITERATURA GRIEGA
650 4 _aTRAGEDIA
650 4 _aTEATRO ANTIGUO
650 4 _aARTE ANTIGUO
650 4 _aMITOLOGIA
650 4 _aRELIGION
655 _aLITERATURA
700 1 _aGarcía Gual, Carlos
_eprologuista
740 0 _aFenicias
740 0 _aOrestes
740 0 _aIfigenia en Aulide
740 0 _aBacantes
942 _cBK
998 _cMARTIN
999 _c16382
_d16382